00722nam a22002055i 450000100060000000300090000600500170001500700030003200800410003504000200007610000260009624501270012226000380024930000270028749000630031465000220037770000320039983000630043185200220049448276ES-MaACL20250914145929.0t|950711s1898 sp ||||1| spa d aCAM bspa cCAM1 aChironi, Gian Pietro.13aLa culpa en el derecho civil moderno b: culpa contractual / cpor G.P. Chironi; traducción española... por A. Posada. aMadrid : bHijos de Reus, c1898. a828, [4] p. ; c23 cm.1 aBiblioteca jurídica de autores españoles y extranjeros14aCulpa jurídica.1 aPosada, Adolfo, d1860-19440 aBiblioteca jurídica de autores españoles y extranjeros aES-MaACLjF-14602